| Tag |
First Indicator |
Second Indicator |
Subfields |
| LEADER |
00000cam a22000001a 4500 |
| 001 |
in00003368813 |
| 006 |
m d f |
| 007 |
cr bn mmmapmmp |
| 008 |
100609s1977 dcu o f000 0 eng d |
| 005 |
20260430213554.4 |
| 035 |
|
|
|a cis2007875645
|
| 040 |
|
|
|a ProQuest
|c ProQuest
|d UtOrBLW
|
| 043 |
|
|
|a n-us---
|
| 099 |
|
|
|a CRS-1977-AML-0057
|
| 110 |
2 |
|
|a Library of Congress.
|b Congressional Research Service.
|
| 245 |
1 |
0 |
|a Constitutional Convention and The Scope of the Treaty Power.
|
| 264 |
|
1 |
|a [Place of publication not identified] :
|b [publisher not identified],
|c 1977.
|
| 300 |
|
|
|a 1 online resource.
|
| 336 |
|
|
|a text
|b txt
|2 rdacontent
|
| 337 |
|
|
|a computer
|b c
|2 rdamedia
|
| 338 |
|
|
|a online resource
|b cr
|2 rdacarrier
|
| 500 |
|
|
|a Record is based on bibliographic data in ProQuest U.S. Congressional Research Digital Collection (last viewed June 2010). Reuse except for individual research requires license from ProQuest, LLC.
|
| 500 |
|
|
|a CRS Report.
|
| 520 |
|
|
|a Analyzes records and debates from the Constitutional Convention to determine intent of framers of the Constitution as to the scope of the treaty power, and compares treaty power to the power to dispose of property and territory.
|
| 500 |
|
|
|a Electronic resource.
|
| 650 |
|
0 |
|a Constitutional conventions.
|
| 650 |
|
0 |
|a Public lands.
|
| 650 |
|
0 |
|a Treaty-making power.
|
| 655 |
|
7 |
|a Electronic books.
|2 local
|
| 710 |
2 |
|
|a ProQuest (Firm)
|
| 776 |
0 |
8 |
|i Microfiche version:
|a Library of Congress. Congressional Research Service.
|t Constitutional Convention and The Scope of the Treaty Power
|
| 830 |
|
0 |
|a U.S. Congressional Research.
|
| 856 |
4 |
0 |
|u http://proxy.library.tamu.edu/login?url=https://congressional.proquest.com/congcomp/getdoc?CRDC-ID=CRS-1977-AML-0057
|z Connect to the full text of this electronic book
|t 0
|
| 999 |
|
|
|a MARS
|
| 999 |
f |
f |
|s 7fc5167b-39af-35f5-8f0d-4fabbb492b6a
|i c3093375-aa42-313b-a962-571b33c49529
|t 0
|
| 952 |
f |
f |
|a Texas A&M University
|b College Station
|c Electronic Resources
|s www_evans
|d Available Online
|t 0
|e CRS-1977-AML-0057
|h Other scheme
|
| 998 |
f |
f |
|a CRS-1977-AML-0057
|t 0
|l Available Online
|